The Oxford dictionary and thesaurus

Bibliographic Details
Other Authors: Tulloch, Sara (Editor)
Format: Book
Language:English
Published: Oxford : Oxford University Press 1995
Subjects:

MARC

LEADER 00000cam a2200000 7i4500
001 0000005969
005 20240913.0
008 000131 enk eng
020 |a 0198601719 (hbk) 
040 |a INS   |b eng   |e rda 
090 0 0 |a RPE2835   |b .O94 1995 
245 0 4 |a The Oxford dictionary and thesaurus   |c edited by Sara Tulloch 
264 1 |a Oxford :   |b Oxford University Press   |c 1995 
300 |a xxiv, 1892 pages ;   |c 27 cm. 
336 |a text  |2 rdacontent 
337 |a unmediated  |2 rdamedia 
338 |a volume  |2 rdacarrier 
650 0 |a English language   |x Dictionaries 
700 1 |a Tulloch, Sara ,   |e editor 
999 |a 0000007389   |b BOOK   |c Red Spot   |e Default branch